| 000 | 00458nam a2200169Ia 4500 | ||
|---|---|---|---|
| 003 | GCL | ||
| 008 | 140319s9999 xx 000 0 eng d | ||
| 040 |
_aGCL / _cGCL |
||
| 082 | 0 | 4 |
_a616.723 _bKT |
| 100 | 1 | _aKELLEY, WILLIAM N. | |
| 245 | 1 | 0 |
_aText Book Of Rheumatology, 4th ed. / _cKELLEY, WILLIAM N. |
| 700 | 1 | _aHARRIS, ADWARD D. | |
| 260 |
_a[S.N] : _bW.B. SAUNDERS COMPANY ، _c1993 |
||
| 300 | _a1942 P | ||
| 650 | 0 | 4 | _aRHEUMATOLOGY |
| 942 |
_2ddc _cBK |
||
| 999 |
_c19829 _d19829 |
||